Lokalizácia automobilového priemyslu v SR s akcentom na dodávateľov jednotlivých komponentov v Žilinskom kraji diplomová práca

Salvato in:
Dettagli Bibliografici
Autore principale: Taraba, Peter
Ente Autore: Národohospodárska fakulta EU. Katedra verejnej správy a regionálneho rozvoja
Altri autori: Mišúnová, Ema
Natura: Libro
Lingua:slovacco
Pubblicazione: Bratislava 2017
Tags: Aggiungi Tag
Nessun Tag, puoi essere il primo ad aggiungerne!!

MARC

LEADER 00000nbm a2200000 4500
001 0231830
005 20171019121340.0
041 0 |a slo 
044 |a SK 
245 1 0 |a Lokalizácia automobilového priemyslu v SR s akcentom na dodávateľov jednotlivých komponentov v Žilinskom kraji  |b diplomová práca  |c Peter Taraba ; školiteľ: Ema Mišúnová 
264 1 |a Bratislava  |c 2017 
300 |a 90 s. 
100 1 |a Taraba, Peter 
700 1 |a Mišúnová, Ema 
710 2 |a Národohospodárska fakulta EU. Katedra verejnej správy a regionálneho rozvoja